000 00751nam0a22002531 4500
001 v19\rc\1803758
005 20250619123752.0
035 _a(NLR Aleph) 004905226
090 _a5418370
_c5418370
100 _a20071224d1906 |||y0rusy50 ca
101 0 _arus
102 _aRU
105 _ay z |||||
200 1 _aЗолотое яичко
_eДруг женщин
_eКалендарь
_e(От святой до святой) 1906-1907
_fСост. А.С.
210 _aМосква
_cтип. И.А. Полякова
_d1906
215 _a34 с.
_d16
702 0 _aА.С.
_4220
801 0 _aRU
_bNLR
_gpsbo
801 0 _aRU
_bRuMoRGB
_2psbo
801 1 _aRU
_bProSoft-M
_2rusmarc
852 _aNLR
_j34.84.3.95
899 _aБАН
942 _cBOOK
980 _aNB